[Event "Bundesliga 2021-22"]
[Site "Berlin GER"]
[Date "2022.07.09"]
[Round "13.8"]
[Board "4"]
[White "Druska, Juraj"]
[Black "Rozentalis, Eduardas"]
[Result "1-0"]
[WhiteTitle "IM"]
[BlackTitle "GM"]
[WhiteElo "2503"]
[BlackElo "2539"]
[WhiteTeam "USV TU Dresden"]
[BlackTeam "BCA Augsburg"]
[WhiteFideId "14915650"]
[BlackFideId "12800023"]
[EventDate "2022.03.05"]

1. d4 Nf6 2. c4 e6 3. Nc3 Bb4 4. Qc2 d6 5. Bg5 Nbd7 6. e3 b6 7. Ne2 Bb7 8. f3 h6
9. Bh4 O-O 10. O-O-O d5 11. cxd5 exd5 12. g4 c5 13. Kb1 Rc8 14. Rg1 Re8 15. g5
hxg5 16. Bxg5 Nf8 17. Ng3 cxd4 18. exd4 Bxc3 19. bxc3 N8h7 20. Bf4 Kh8 21. Nf5
Nh5 22. Nd6 Qd7 23. Nxe8 Rxe8 24. Bd2 Bc6 25. Re1 Rc8 26. Re5 N7f6 27. Qf5 Qxf5+
28. Rxf5 Kg8 29. Bh3 Re8 30. Re5 Kf8 31. Rxe8+ Nxe8 32. Bc1 g6 33. Re1 a5 34.
Bg4 Nhf6 35. Bc8 b5 36. Ba3+ Kg7 37. Re7 b4 38. cxb4 Nd6 39. Ba6 axb4 40. Bxb4
Nf5 41. Rc7 1-0

[Event "Bundesliga 2021-22"]
[Site "Berlin GER"]
[Date "2022.07.09"]
[Round "13.8"]
[Board "5"]
[White "Arnaudov, G. Petar"]
[Black "Boensch, Uwe"]
[Result "1/2-1/2"]
[WhiteTitle "GM"]
[BlackTitle "GM"]
[WhiteElo "2469"]
[BlackElo "2494"]
[WhiteTeam "BCA Augsburg"]
[BlackTeam "USV TU Dresden"]
[WhiteFideId "2907127"]
[BlackFideId "4611268"]
[EventDate "2022.03.05"]

1. d4 d5 2. c4 e6 3. Nf3 Nf6 4. g3 Be7 5. Bg2 O-O 6. O-O dxc4 7. Qc2 a6 8. Rd1
b5 9. Ne5 Nd5 10. b3 Bb7 11. bxc4 Nb4 12. Qb3 Bxg2 13. Kxg2 N8c6 14. Nxc6 Nxc6
15. Qc3 e5 16. d5 e4 17. Bb2 Bf6 18. Qc2 Bxb2 19. Qxb2 bxc4 20. Nc3 Ne7 21. Nxe4
Nxd5 22. Qc2 c6 23. Qxc4 Qe7 24. Rd2 Rab8 25. Nc3 Qg5 26. Rad1 Nxc3 27. Qxc3 Qb5
28. Rc2 Rfc8 29. Rd4 g6 30. h4 h5 31. Rc4 Rb6 32. Rc5 Qa4 33. Qe3 Rd8 34. R5c4
Qb5 35. f3 Rd1 36. Re4 Rb8 37. Rc5 Qb1 38. Rxh5 gxh5 39. Qg5+ Kf8 40. Qh6+ Kg8
41. Qg5+ Kf8 42. Qc5+ Kg7 43. Qg5+ 1/2-1/2

[Event "Bundesliga 2021-22"]
[Site "Berlin GER"]
[Date "2022.07.09"]
[Round "13.8"]
[Board "6"]
[White "Gauglitz, Gernot"]
[Black "Stankovic, Milos"]
[Result "1/2-1/2"]
[WhiteTitle "IM"]
[BlackTitle "IM"]
[WhiteElo "2392"]
[BlackElo "2435"]
[WhiteTeam "USV TU Dresden"]
[BlackTeam "BCA Augsburg"]
[WhiteFideId "4611365"]
[BlackFideId "938190"]
[EventDate "2022.03.05"]

1. d4 Nf6 2. c4 e6 3. Nf3 Bb4+ 4. Bd2 a5 5. Nc3 d5 6. e3 O-O 7. Qc2 b6 8. cxd5
exd5 9. Bd3 Bb7 10. a3 Bxc3 11. Bxc3 Nbd7 12. O-O Re8 13. b4 Ne4 14. Rac1 axb4
15. axb4 c5 16. dxc5 bxc5 17. bxc5 Ndxc5 18. Bb5 Re6 19. Bd4 Ba6 20. Rb1 Rb6 21.
Bxa6 Rbxa6 22. Rb5 Ra2 23. Qb1 Ne6 24. Rb2 R2a4 25. Rc1 Nxd4 26. Nxd4 g6 1/2-1/2

[Event "Bundesliga 2021-22"]
[Site "Berlin GER"]
[Date "2022.07.09"]
[Round "13.8"]
[Board "7"]
[White "Braeuer, Franz"]
[Black "Loxine, Jakov"]
[Result "1/2-1/2"]
[WhiteTitle "IM"]
[BlackTitle "IM"]
[WhiteElo "2428"]
[BlackElo "2390"]
[WhiteTeam "BCA Augsburg"]
[BlackTeam "USV TU Dresden"]
[WhiteFideId "24634468"]
[BlackFideId "4173031"]
[EventDate "2022.03.05"]

1. e4 c5 2. Nf3 Nc6 3. d4 cxd4 4. Nxd4 e5 5. Nb5 d6 6. c4 Be6 7. N5c3 Nf6 8. Bd3
g6 9. O-O Bg7 10. Nd5 O-O 11. Bg5 Bxd5 12. cxd5 Nd4 13. Nc3 Qd7 14. a4 Nh5 15.
Nb5 a6 16. Nxd4 exd4 17. a5 Rae8 18. Qf3 Be5 19. Bd2 Ng7 20. Bh6 Kh8 21. Kh1 f5
22. Qh3 Qf7 23. exf5 gxf5 24. Rae1 Qg6 25. f4 Bf6 26. Bxg7+ Bxg7 27. Rxe8 Qxe8
28. Bxf5 h6 29. Be6 Qb5 30. g4 Qe2 31. f5 d3 32. Qf3 Bxb2 33. Qxe2 dxe2 34. Re1
Bc3 35. Rxe2 Bxa5 36. Rb2 Rb8 37. Rc2 1/2-1/2

[Event "Bundesliga 2021-22"]
[Site "Berlin GER"]
[Date "2022.07.09"]
[Round "13.8"]
[Board "8"]
[White "Wong, Gengchun"]
[Black "Pitl, Gregory"]
[Result "1/2-1/2"]
[BlackTitle "IM"]
[WhiteElo "2114"]
[BlackElo "2379"]
[WhiteTeam "USV TU Dresden"]
[BlackTeam "BCA Augsburg"]
[WhiteFideId "12963283"]
[BlackFideId "4651693"]
[EventDate "2022.03.05"]

1. e4 c5 2. Nf3 Nc6 3. d4 cxd4 4. Nxd4 Nf6 5. Nc3 d6 6. Bg5 e6 7. Qd2 a6 8.
O-O-O Bd7 9. f3 Be7 10. h4 h6 11. Be3 h5 12. Bg5 b5 13. Nxc6 Bxc6 14. Ne2 Qc7
15. Nd4 Bb7 16. Kb1 Rc8 17. Bd3 Qb8 18. Rhe1 Rc5 19. Nb3 Rc8 20. Nd4 Rc5 21. Nb3
Rc8 1/2-1/2

[Event "Bundesliga 2021-22"]
[Site "Berlin GER"]
[Date "2022.07.09"]
[Round "14.1"]
[Board "1"]
[White "Nagy, Gabor1"]
[Black "Nisipeanu, Liviu-Dieter"]
[Result "1/2-1/2"]
[WhiteTitle "GM"]
[BlackTitle "GM"]
[WhiteElo "2507"]
[BlackElo "2652"]
[WhiteTeam "Aachener SV"]
[BlackTeam "USV TU Dresden"]
[WhiteFideId "737119"]
[BlackFideId "1202758"]
[EventDate "2022.03.05"]

1. d4 Nf6 2. c4 e6 3. Nc3 Bb4 4. e3 O-O 5. Bd2 b6 6. Nf3 Bb7 7. Bd3 d6 8. Qc2
Nbd7 9. a3 Bxc3 10. Bxc3 c5 11. dxc5 Nxc5 12. Rd1 Nxd3+ 13. Qxd3 Ne4 14. O-O
Nxc3 15. Qxc3 Rc8 16. Qd4 Bxf3 17. gxf3 Qg5+ 18. Kh1 Qf5 19. Kg2 Rfd8 20. b3 d5
21. cxd5 Rxd5 22. Qe4 Qg5+ 23. Kh1 Rdc5 24. Rg1 Qf6 25. Rd7 g6 26. Rgd1 Rc2 27.
Kg2 Qg5+ 28. Kf1 Rc1 29. Qd4 Rxd1+ 30. Qxd1 a5 31. a4 Qf5 32. Rd8+ Rxd8 33.
Qxd8+ Kg7 1/2-1/2

[Event "Bundesliga 2021-22"]
[Site "Berlin GER"]
[Date "2022.07.09"]
[Round "14.1"]
[Board "2"]
[White "Bartel, Mateusz"]
[Black "Koch, Thomas1"]
[Result "1-0"]
[WhiteTitle "GM"]
[BlackTitle "IM"]
[WhiteElo "2616"]
[BlackElo "2458"]
[WhiteTeam "USV TU Dresden"]
[BlackTeam "Aachener SV"]
[WhiteFideId "1112635"]
[BlackFideId "4600533"]
[EventDate "2022.03.05"]

1. d4 Nf6 2. c4 e6 3. Nf3 Bb4+ 4. Bd2 c5 5. Nc3 b6 6. e3 O-O 7. Bd3 Bb7 8. O-O
cxd4 9. exd4 d5 10. cxd5 exd5 11. Ne5 Nc6 12. Bg5 Be7 13. Re1 h6 14. Ba6 Qc8 15.
Bxb7 Qxb7 16. Bxh6 Nxe5 17. dxe5 gxh6 18. exf6 Bxf6 19. Nxd5 Bxb2 20. Re7 Qc6
21. Re2 Bf6 22. Rc1 Qd6 23. Rc3 Rad8 24. Rd3 Kh8 25. g3 b5 26. Red2 Qe5 27. Nxf6
Rxd3 28. Rxd3 Qxf6 29. Rd6 Qg7 30. Qh5 Kh7 31. Qf5+ Kg8 32. Qxb5 Rc8 33. Kg2 Qf8
34. Qd5 a5 35. a4 Kg7 36. Qe5+ Kg8 37. Qd5 Kg7 38. Qd4+ Kh7 39. Qe4+ Kg7 40. Qf4
Kh7 41. Rf6 Kg8 42. Rxh6 1-0

[Event "Bundesliga 2021-22"]
[Site "Berlin GER"]
[Date "2022.07.09"]
[Round "14.1"]
[Board "3"]
[White "Piceu, Tom"]
[Black "Pechac, Jergus"]
[Result "0-1"]
[WhiteTitle "IM"]
[BlackTitle "GM"]
[WhiteElo "2331"]
[BlackElo "2599"]
[WhiteTeam "Aachener SV"]
[BlackTeam "USV TU Dresden"]
[WhiteFideId "201952"]
[BlackFideId "14926970"]
[EventDate "2022.03.05"]

1. d4 Nf6 2. c4 e6 3. Nf3 d5 4. Bg5 dxc4 5. e3 b5 6. a4 c6 7. Be2 Bb7 8. O-O
Nbd7 9. b3 cxb3 10. axb5 cxb5 11. Bxb5 h6 12. Bxf6 gxf6 13. d5 Rg8 14. Nc3 b2
15. Rb1 Bb4 16. Ne2 Bxd5 17. Nf4 Rb8 18. Ba4 Bxf3 19. Qxf3 Bd6 20. Rfd1 Ke7 21.
Bxd7 Qxd7 22. Qe4 f5 23. Qd4 Qc6 24. g3 Qc5 25. Qa4 Rb4 26. Qa3 Bxf4 27. exf4
Rd8 0-1

[Event "Bundesliga 2021-22"]
[Site "Berlin GER"]
[Date "2022.07.09"]
[Round "14.1"]
[Board "4"]
[White "Vogel, Roven"]
[Black "Sonntag, Hans-Hubert"]
[Result "1/2-1/2"]
[WhiteTitle "IM"]
[BlackTitle "IM"]
[WhiteElo "2447"]
[BlackElo "2327"]
[WhiteTeam "USV TU Dresden"]
[BlackTeam "Aachener SV"]
[WhiteFideId "12908088"]
[BlackFideId "4601025"]
[EventDate "2022.03.05"]

1. Nf3 d5 2. d4 Nf6 3. c4 e6 4. g3 dxc4 5. Bg2 a6 6. O-O Nc6 7. Nc3 Rb8 8. e4 b5
9. e5 Nd5 10. Ng5 h6 11. Nge4 Bb7 12. Be3 Ncb4 13. Qe2 Be7 14. Qg4 g6 15. Rad1
h5 16. Qe2 Kf8 17. Bd2 Kg7 18. h4 Nxc3 19. bxc3 Bxe4 20. Bxe4 Nd5 21. a4 c6 22.
Ra1 Qb6 23. Ra2 b4 24. Qxc4 bxc3 25. Bxc3 Nxc3 26. Qxc3 Rhd8 27. Rd1 Qb4 28. Qe3
Qc4 29. Rad2 Qxa4 1/2-1/2

[Event "Bundesliga 2021-22"]
[Site "Berlin GER"]
[Date "2022.07.09"]
[Round "14.1"]
[Board "5"]
[White "Coenen, Norbert"]
[Black "Druska, Juraj"]
[Result "0-1"]
[WhiteTitle "IM"]
[BlackTitle "IM"]
[WhiteElo "2270"]
[BlackElo "2503"]
[WhiteTeam "Aachener SV"]
[BlackTeam "USV TU Dresden"]
[WhiteFideId "4619455"]
[BlackFideId "14915650"]
[EventDate "2022.03.05"]

1. e4 c6 2. d4 d5 3. Nc3 dxe4 4. Nxe4 Bf5 5. Ng3 Bg6 6. h4 h6 7. Nf3 Nd7 8. h5
Bh7 9. Bd3 Bxd3 10. Qxd3 e6 11. Bf4 Qa5+ 12. Bd2 Bb4 13. c3 Be7 14. c4 Qc7 15.
O-O-O Ngf6 16. Ne4 O-O 17. Kb1 Rad8 18. Bc3 Nxe4 19. Qxe4 Nf6 20. Qe2 c5 21. Ne5
cxd4 22. Bxd4 Bc5 23. Bc3 Rxd1+ 24. Rxd1 Rd8 25. f4 Ne4 26. Be1 f5 27. Kc2 Bd4
28. Nf3 Bf6 29. Rxd8+ Qxd8 30. b4 Qe8 31. Qd3 Qxh5 32. Qd7 Qf7 33. Qc8+ Kh7 34.
Nd2 Bc3 35. Nxe4 Bxe1 36. Nc5 Qg6 37. Qxb7 Qf6 38. Na4 Qd4 39. Qc6 Qd2+ 40. Kb1
Qd1+ 41. Kb2 Qd2+ 42. Kb1 Qd3+ 43. Kb2 Bxb4 44. Qxe6 Ba3+ 0-1

[Event "Bundesliga 2021-22"]
[Site "Berlin GER"]
[Date "2022.07.09"]
[Round "14.1"]
[Board "6"]
[White "Loxine, Jakov"]
[Black "Lamby, Philipp"]
[Result "1-0"]
[WhiteTitle "IM"]
[WhiteElo "2390"]
[BlackElo "2140"]
[WhiteTeam "USV TU Dresden"]
[BlackTeam "Aachener SV"]
[WhiteFideId "4173031"]
[BlackFideId "4657160"]
[EventDate "2022.03.05"]

1. Nf3 d5 2. g3 Bg4 3. Bg2 Nd7 4. d4 e6 5. O-O Ngf6 6. c4 c6 7. Nbd2 Be7 8. b3
O-O 9. Bb2 h6 10. a3 a5 11. Bc3 b5 12. c5 Qb8 13. b4 a4 14. Qe1 Bf5 15. Ne5 Qc7
16. f3 Bh7 17. e4 Rae8 18. Kh1 Nxe5 19. dxe5 Nd7 20. f4 f6 21. exf6 Bxf6 22. e5
Bd8 23. Nf3 Rf7 24. Nd4 Nf8 25. Qe2 Bg6 26. Rae1 Qd7 27. Qe3 Bf5 28. Qe2 Bg6 29.
Bb2 Bf5 30. g4 Bh7 31. Qf2 Bd3 32. Rg1 g5 33. Qg3 Bh7 34. Bc1 gxf4 35. Bxf4 Ng6
36. Bxh6 Bh4 37. Qe3 Bf2 38. Qd2 Nh4 39. Rgf1 Bxe1 40. Qxe1 Nxg2 41. Kxg2 Bd3
42. Rf2 Rxf2+ 43. Qxf2 Qh7 44. Qf4 Be4+ 45. Kg3 Qg6 46. Qg5 Kh7 47. Qxg6+ Kxg6
48. Bf4 Kf7 49. Bg5 Rc8 50. h4 Kg6 51. Bf6 Kf7 52. h5 Bd3 53. g5 Rc7 54. Kg4 Rc8
55. g6+ Bxg6 56. hxg6+ Kxg6 57. Nxe6 Rg8 58. Nf4+ Kf7+ 59. Kf5 Rg3 60. e6+ Ke8
61. Nh5 Rf3+ 62. Ke5 Re3+ 63. Kd6 1-0

[Event "Bundesliga 2021-22"]
[Site "Berlin GER"]
[Date "2022.07.09"]
[Round "14.1"]
[Board "7"]
[White "Ahn, Martin"]
[Black "Richter, Philipp"]
[Result "0-1"]
[WhiteTitle "FM"]
[WhiteElo "2166"]
[BlackElo "2225"]
[WhiteTeam "Aachener SV"]
[BlackTeam "USV TU Dresden"]
[WhiteFideId "200972"]
[BlackFideId "16219929"]
[EventDate "2022.03.05"]

1. e4 e6 2. d4 d5 3. Nc3 Bb4 4. e5 c5 5. a3 Bxc3+ 6. bxc3 Ne7 7. Qg4 Qc7 8. Qxg7
Rg8 9. Qxh7 cxd4 10. Ne2 Nbc6 11. f4 dxc3 12. h3 d4 13. Rb1 b6 14. g4 Bb7 15.
Rg1 O-O-O 16. Qxf7 Rg6 17. Ng3 Rh8 18. Bd3 Nd8 19. Qxg6 Nxg6 20. Bxg6 Rxh3 21.
g5 d3 22. Bxd3 Qc5 23. Ne2 Rf3 24. Rg2 Rxd3 25. cxd3 Bxg2 26. Rb3 Kd7 27. Rxc3
Qd5 28. g6 Nc6 29. g7 Ne7 30. a4 Qf3 31. Ba3 Qf1+ 32. Kd2 Ng8 33. Bd6 Bc6 34.
Rc4 Qg2 35. a5 b5 36. Rc1 Bf3 37. Re1 Bxe2 38. Rxe2 Qxg7 39. Rh2 a6 40. Kc3 Ne7
41. Kb4 Nc6+ 42. Kc5 Qg1+ 0-1

[Event "Bundesliga 2021-22"]
[Site "Berlin GER"]
[Date "2022.07.09"]
[Round "14.1"]
[Board "8"]
[White "Wong, Gengchun"]
[Black "Huesmann, Thomas"]
[Result "1/2-1/2"]
[BlackTitle "FM"]
[WhiteElo "2114"]
[BlackElo "2114"]
[WhiteTeam "USV TU Dresden"]
[BlackTeam "Aachener SV"]
[WhiteFideId "12963283"]
[BlackFideId "200441"]
[EventDate "2022.03.05"]

1. e4 e5 2. Nf3 Nc6 3. Bb5 a6 4. Bxc6 dxc6 5. O-O f6 6. d4 exd4 7. Nxd4 c5 8.
Ne2 Qxd1 9. Rxd1 Bd7 10. Bf4 O-O-O 11. Nbc3 Ne7 12. Bg3 Nc6 13. Rd2 Ne5 14. b3
Bd6 15. Rad1 Rhe8 16. Nd5 Bc6 17. f3 Nf7 18. Bf2 f5 19. Nec3 Bxd5 20. Rxd5 Be5
21. Rxd8+ Rxd8 22. Nd5 fxe4 23. fxe4 b6 24. Ne7+ Kb7 25. Rxd8 Nxd8 26. Bg3 Bxg3
27. hxg3 c6 28. Kf2 Kc7 29. Nf5 g6 30. Nh6 Kd6 31. Ke3 b5 32. c4 Ke6 33. Kd3 Nb7
34. Ng4 h5 35. Nf2 Nd6 36. cxb5 cxb5 37. Ke3 c4 38. bxc4 Nxc4+ 39. Kd4 Kd6 40.
Nd3 g5 41. e5+ Ke6 42. Nc5+ Kf5 43. e6 Kf6 44. Nxa6 Kxe6 45. Nc7+ Kf5 46. Nxb5
Na5 47. Ke3 Ke5 48. Nc3 Nc4+ 49. Kf3 Kd4 50. Ne2+ Kd3 51. Kf2 Nd6 52. a4 Ne4+
53. Kf3 Nd2+ 54. Kf2 Ne4+ 1/2-1/2

[Event "Bundesliga 2021-22"]
[Site "Berlin GER"]
[Date "2022.07.09"]
[Round "14.2"]
[Board "1"]
[White "Volokitin, Andrei"]
[Black "Postny, Evgeny"]
[Result "1/2-1/2"]
[WhiteTitle "GM"]
[BlackTitle "GM"]
[WhiteElo "2687"]
[BlackElo "2568"]
[WhiteTeam "Duesseldorfer SK"]
[BlackTeam "BCA Augsburg"]
[WhiteFideId "14107090"]
[BlackFideId "2804344"]
[EventDate "2022.03.05"]

1. e4 e5 2. Nf3 Nc6 3. Bb5 a6 4. Ba4 Nf6 5. O-O Be7 6. Re1 b5 7. Bb3 d6 8. c3
O-O 9. h3 Na5 10. Bc2 c5 11. d4 Qc7 12. d5 Bd7 13. b3 c4 14. b4 Nb7 15. a4 Rfb8
16. Be3 Nd8 17. Nbd2 Ne8 18. Nf1 f6 19. g4 Nf7 20. Kh2 g6 21. Ng3 Qc8 22. a5 Ng7
23. Rg1 Kh8 24. Nd2 Qc7 25. f4 exf4 26. Bxf4 Ne5 27. Nf3 Rg8 28. Nd4 Raf8 29.
Qd2 Qc8 30. Raf1 Qd8 31. Nge2 Qc8 32. Ng3 Qd8 33. Be3 Qc8 34. Bb1 Rf7 35. Nde2
Ne8 36. Bd4 Bf8 37. Rg2 Bg7 38. Rgf2 Re7 39. Nf4 Nc7 40. Ng2 Rf8 41. Nh4 Qe8 42.
Nf3 Ref7 43. Bb6 Na8 44. Be3 Nc7 45. Bc2 Kg8 46. Rg2 Kh8 47. Nd4 Re7 48. Bf4 Qc8
49. Bd1 Ref7 50. Bc2 Re7 51. Rfg1 Qe8 52. Nf1 Ref7 53. Ne3 Qd8 54. Qf2 Re8 55.
Qd2 Qe7 56. Nf1 1/2-1/2

[Event "Bundesliga 2021-22"]
[Site "Berlin GER"]
[Date "2022.07.09"]
[Round "14.2"]
[Board "2"]
[White "Prusikin, Michael"]
[Black "Banusz, Tamas"]
[Result "0-1"]
[WhiteTitle "GM"]
[BlackTitle "GM"]
[WhiteElo "2541"]
[BlackElo "2600"]
[WhiteTeam "BCA Augsburg"]
[BlackTeam "Duesseldorfer SK"]
[WhiteFideId "4642325"]
[BlackFideId "722413"]
[EventDate "2022.03.05"]

1. d4 d5 2. c4 e6 3. Nc3 Nf6 4. cxd5 exd5 5. Bg5 c6 6. e3 Bf5 7. Qf3 Bg6 8. Bxf6
Qxf6 9. Qxf6 gxf6 10. Nf3 a5 11. Nh4 Bb4 12. Kd2 a4 13. a3 Ba5 14. Bd3 Nd7 15.
f4 Bxd3 16. Kxd3 Nb6 17. Rab1 O-O-O 18. Nf5 Rhe8 19. Rhf1 Kd7 20. Rf2 Rb8 21.
Re2 Bxc3 22. Kxc3 h5 23. Rbe1 Rg8 24. Kd3 Rbe8 25. e4 dxe4+ 26. Rxe4 Re6 27. g3
Nd5 28. R1e2 b5 29. Nh6 Rxe4 30. Rxe4 Rb8 31. Nf5 b4 32. axb4 Rxb4 33. Kc2 Rb3
34. Kc1 Rf3 35. Kd2 Kc7 36. Re8 Kd7 37. Re2 Rb3 38. Kc1 Rb5 39. Ne3 Nxe3 40.
Rxe3 Rb4 41. Re4 c5 42. Kc2 cxd4 43. Kd3 Rb3+ 44. Kxd4 Rxb2 45. Kc3 a3 46. Ra4
Rf2 47. Kd4 a2 48. Ke4 Kc6 49. Kf5 Kb5 50. Ra8 Rc2 51. Rb8+ Ka6 52. Ra8+ Kb5 53.
Rb8+ Kc4 54. Ra8 Kb3 55. Rb8+ Kc3 56. Ra8 Rxh2 57. Kxf6 Kb3 58. Kxf7 h4 59. gxh4
Rxh4 60. Rb8+ Kc4 61. Rc8+ Kb5 62. Rb8+ Kc6 63. Ra8 Rxf4+ 64. Ke6 Rf2 65. Ke5
Kc5 66. Ke4 Kc4 67. Ke3 Rh2 68. Ra7 Kc3 0-1

[Event "Bundesliga 2021-22"]
[Site "Berlin GER"]
[Date "2022.07.09"]
[Round "14.2"]
[Board "3"]
[White "Tan, Justin2"]
[Black "Nestorovic, Nikola"]
[Result "1/2-1/2"]
[WhiteTitle "GM"]
[BlackTitle "GM"]
[WhiteElo "2533"]
[BlackElo "2456"]
[WhiteTeam "Duesseldorfer SK"]
[BlackTeam "BCA Augsburg"]
[WhiteFideId "3206882"]
[BlackFideId "934526"]
[EventDate "2022.03.05"]

1. d4 Nf6 2. c4 e6 3. Nc3 Bb4 4. e3 O-O 5. Bd2 d5 6. Nf3 b6 7. cxd5 exd5 8. Rc1
a5 9. Bd3 Ba6 10. Bxa6 Nxa6 11. O-O Ne4 12. Qc2 Re8 13. a3 Nxc3 14. Bxc3 Bd6 15.
Rfe1 Nb8 16. e4 dxe4 17. Rxe4 Rxe4 18. Qxe4 Nd7 19. Ne5 Qe8 20. Re1 Bxe5 21.
dxe5 Nc5 22. Qf3 Rd8 23. h4 h6 24. Kh2 Qe6 25. Re3 Rd5 26. Qf4 Nd3 27. Qg3 Nc5
28. f4 Rd7 29. Qf3 Qf5 30. g4 Qc2+ 31. Re2 Qd1 32. f5 Rd3 33. Qg2 Qc1 34. e6
Qf4+ 35. Kh1 fxe6 36. fxe6 Rf3 37. Bd4 Ne4 38. e7 Kf7 39. Re1 Ke8 40. Be5 Ng3+
41. Kh2 Nf1+ 42. Kg1 Ne3 43. Bxf4 Nxg2 44. Kxg2 Rxf4 45. Kg3 Rd4 46. Re6 Rd6 47.
Re4 Rd2 48. Rc4 c5 49. b4 axb4 50. axb4 cxb4 51. Rxb4 Rd6 52. Re4 b5 53. Kf4 Rb6
54. Rb4 Kxe7 55. Ke5 Rb8 56. Kd5 Kf6 57. Rf4+ Kg6 58. Kc6 h5 59. g5 Rc8+ 60.
Kxb5 Rc3 61. Rd4 Rg3 62. Kc5 Rg4 63. Rd6+ Kf5 64. Rd7 Rxh4 65. Rxg7 Rg4 66. g6
h4 67. Kd5 Rg5 68. Rg8 Rxg6 1/2-1/2

[Event "Bundesliga 2021-22"]
[Site "Berlin GER"]
[Date "2022.07.09"]
[Round "14.2"]
[Board "4"]
[White "Rozentalis, Eduardas"]
[Black "Haria, Ravi"]
[Result "1/2-1/2"]
[WhiteTitle "GM"]
[BlackTitle "GM"]
[WhiteElo "2539"]
[BlackElo "2499"]
[WhiteTeam "BCA Augsburg"]
[BlackTeam "Duesseldorfer SK"]
[WhiteFideId "12800023"]
[BlackFideId "415820"]
[EventDate "2022.03.05"]

1. e4 e6 2. d4 d5 3. Nd2 c5 4. Ngf3 cxd4 5. exd5 Qxd5 6. Bc4 Qd7 7. O-O Nc6 8.
Nb3 Nf6 9. Nbxd4 Nxd4 10. Qxd4 Qxd4 11. Nxd4 Bd7 12. Bf4 Rc8 13. Bb3 Bc5 14.
Rad1 O-O 15. Rfe1 Rfd8 16. c3 Be8 17. Nxe6 fxe6 18. Bxe6+ Bf7 19. Bxc8 Rxc8 20.
b3 b5 21. Be3 1/2-1/2

[Event "Bundesliga 2021-22"]
[Site "Berlin GER"]
[Date "2022.07.09"]
[Round "14.2"]
[Board "5"]
[White "Agrest, Evgenij"]
[Black "Arnaudov, G. Petar"]
[Result "1/2-1/2"]
[WhiteTitle "GM"]
[BlackTitle "GM"]
[WhiteElo "2568"]
[BlackElo "2469"]
[WhiteTeam "Duesseldorfer SK"]
[BlackTeam "BCA Augsburg"]
[WhiteFideId "1705024"]
[BlackFideId "2907127"]
[EventDate "2022.03.05"]

1. Nf3 d5 2. b3 Bf5 3. Bb2 e6 4. g3 h6 5. Bg2 Nf6 6. O-O Be7 7. d3 O-O 8. Nbd2
Bh7 9. Qe1 a5 10. c4 c6 11. e4 Na6 12. Qe2 a4 13. Rfd1 a3 14. Bc3 Bb4 15. Nb1
Bxc3 16. Nxc3 dxe4 17. dxe4 Qa5 18. Rac1 Rfd8 19. Ne1 Rxd1 20. Nxd1 Bg6 21. Nd3 1/2-1/2

[Event "Bundesliga 2021-22"]
[Site "Berlin GER"]
[Date "2022.07.09"]
[Round "14.2"]
[Board "6"]
[White "Stankovic, Milos"]
[Black "Berelowitsch, Alexander"]
[Result "1/2-1/2"]
[WhiteTitle "IM"]
[BlackTitle "GM"]
[WhiteElo "2435"]
[BlackElo "2506"]
[WhiteTeam "BCA Augsburg"]
[BlackTeam "Duesseldorfer SK"]
[WhiteFideId "938190"]
[BlackFideId "14101440"]
[EventDate "2022.03.05"]

1. e4 e6 2. d4 d5 3. Nc3 Bb4 4. Ne2 dxe4 5. a3 Bxc3+ 6. Nxc3 Nc6 7. Bb5 Ne7 8.
Be3 O-O 9. Nxe4 f5 10. Ng5 f4 11. Bd2 Qd5 12. Bxc6 Nxc6 13. Nf3 e5 14. dxe5 Bh3
15. O-O Nxe5 16. Re1 Nxf3+ 17. Qxf3 Qxf3 18. gxf3 Rf5 19. Kh1 Rd8 20. Bc3 Kf7
21. Re4 Rg5 22. Rxf4+ Kg6 23. Re1 Bg2+ 24. Kg1 Bh3+ 25. Kh1 Bg2+ 26. Kg1 Bh3+ 1/2-1/2

[Event "Bundesliga 2021-22"]
[Site "Berlin GER"]
[Date "2022.07.09"]
[Round "14.2"]
[Board "7"]
[White "Sorensen, Hampus"]
[Black "Braeuer, Franz"]
[Result "1/2-1/2"]
[WhiteTitle "IM"]
[BlackTitle "IM"]
[WhiteElo "2364"]
[BlackElo "2428"]
[WhiteTeam "Duesseldorfer SK"]
[BlackTeam "BCA Augsburg"]
[WhiteFideId "8703884"]
[BlackFideId "24634468"]
[EventDate "2022.03.05"]

1. d4 d5 2. c4 e6 3. Nf3 a6 4. Nbd2 Nf6 5. g3 c5 6. cxd5 exd5 7. Bg2 Nc6 8. O-O
cxd4 9. Nb3 Be7 10. Nbxd4 O-O 11. b3 Re8 12. Bb2 Bd6 13. Rc1 Bd7 14. Qd3 Nb4 15.
Qb1 Ne4 16. Qa1 a5 17. a3 Na6 18. Rcd1 Nac5 19. Nd2 Bf8 20. Qb1 Qb6 21. Nxe4
dxe4 22. Ba1 Qg6 23. Nc2 Be6 24. Nd4 Bg4 25. b4 axb4 26. axb4 Na6 27. Bc3 Rac8
28. Qb3 h5 29. h3 Bd7 30. Bd2 Rcd8 31. b5 Nc5 32. Qe3 Na4 33. Qb3 Nc5 34. Qe3
Be7 35. Bb4 Rc8 36. Nb3 Bg5 37. Qd4 Bf6 38. Qe3 Bg5 39. Qd4 Bf6 40. Qe3 1/2-1/2

[Event "Bundesliga 2021-22"]
[Site "Berlin GER"]
[Date "2022.07.09"]
[Round "14.2"]
[Board "8"]
[White "Schmittdiel, Eckhard"]
[Black "Hainke, Guntram"]
[Result "1-0"]
[WhiteTitle "GM"]
[BlackTitle "FM"]
[WhiteElo "2402"]
[BlackElo "2302"]
[WhiteTeam "BCA Augsburg"]
[BlackTeam "Duesseldorfer SK"]
[WhiteFideId "4600096"]
[BlackFideId "24619094"]
[EventDate "2022.03.05"]

1. e4 c6 2. d4 d5 3. exd5 cxd5 4. c4 Nf6 5. Nc3 g6 6. Nf3 Bg7 7. cxd5 O-O 8. Bc4
Nbd7 9. O-O Nb6 10. Qb3 Bf5 11. Bg5 Rc8 12. Bxf6 Bxf6 13. Be2 Qd6 14. Ne5 Bxe5
15. dxe5 Qxe5 16. Rfe1 Qd6 17. Rad1 Qc5 18. Bf3 Rfd8 19. h3 Kf8 20. g4 Bd7 21.
Ne4 Qc4 22. Qe3 Kg7 23. b3 Qb4 24. Re2 e6 25. Qg5 Qf8 26. Qf6+ Kg8 27. Qe5 Qg7
28. Nf6+ Kh8 29. dxe6 Bxe6 30. Red2 Re8 31. Bxb7 Bd5 32. Qxe8+ Rxe8 33. Nxe8 Qe5
34. Bxd5 Qxe8 35. Bg2 Kg7 36. a4 Qe5 37. Rd3 h5 38. gxh5 Qxh5 39. Re1 Qf5 40.
Rf3 Qg5 41. Rg3 Qc5 42. Re4 Nd7 43. Rc4 Qd6 44. Re3 Nc5 45. Bf3 Ne6 46. h4 Qd2
47. Bg4 Nd4 48. Rc7 Kf8 49. Ree7 f5 50. Kg2 Ne6 51. Red7 Nf4+ 52. Kg3 1-0